Statistics for Longest Tourist Visas For U.S. Citizens

Click here to take the quiz!

General Stats

  • This quiz has been taken 26 times
  • The average score is 7 of 11

Answer Stats

Length of StayNo. CountriesRegion/RegionsCountry/Countries% Correct
18012Caribbean/Europe/Africa/North AmericaAntigua / Armenia / Barbados / Canada / Central African Republic / Dominica / Jamaica / Mauritius / Mexico / Panama / St Lucia / United Kingdom
88%
10 Years 180 Stays at a Time1AsiaIndia
84%
190 Days Extendable Up to 1 Year1OceaniaNew Zealand
72%
Indefinite3Africa/OceaniaEquatorial Guinea / Marshall Islands / Micronesia
68%
240 Days1CaribbeanBahamas
60%
1 Year3Europe/OceaniaAlbania / Georgia / Palau
56%
183 Days1South AmericaPeru
56%
120 Days3Europe/Africa/OceaniaAndorra / Fiji / Tunisia
52%
150 Days1AsiaNepal
44%
Extendable Up to 3 Years1AsiaPhilippines
44%
Extendable Up To 1 Year1AsiaCambodia
36%

Score Distribution

Percentile by Number Answered

Percent of People with Each Score

Your Score History

You have not taken this quiz